Normal view
MARC view
Entry Personal Name
001 - CONTROL NUMBER
- control field: 15070
003 - CONTROL NUMBER IDENTIFIER
- control field: ARRUPE
005 - DATE AND TIME OF LATEST TRANSACTION
- control field: 20150216174245.0
008 - FIXED-LENGTH DATA ELEMENTS
- fixed length control field: 150216|| aca||aabn | a|a d
040 ## - CATALOGING SOURCE
- Original cataloging agency: ARRUPE
- Transcribing agency: ARRUPE
100 ## - HEADING--PERSONAL NAME
- Personal name: Carmody, Denise Lardner,
- Dates associated with a name: 1935-
670 ## - SOURCE DATA FOUND
- Source citation: Work cat.: (ARRUPE)0: Carmody, Denise Lardner, 1935-, Organizing a Christian mind :, c1996.